| 000 | 04283nam a2200481 a 4500 | ||
|---|---|---|---|
| 005 | 20091212133810.0 | ||
| 008 | 060711r20081994mnua j 000 1 eng | ||
| 010 | _aB-387460-476 | ||
| 020 |
_a9788128620058 _c90.00 |
||
| 035 | _aB-387460-476 | ||
| 037 | _bBlueberry Books | ||
| 040 |
_adpl _bEnglish |
||
| 082 | _a910.91 | ||
| 100 | _aMalam, John | ||
| 245 |
_aBuried treasure / _cby John Malam ; illustrated by Hemant Arya, Adil A Siddiqui [and] Amir Khan |
||
| 260 |
_bEuro Books _c2008 _aMumbai |
||
| 270 |
_aDani Corporate Park, 158, Vidyanagri Marg, Kalina, Santacruz _bMumbai _e400098 |
||
| 300 |
_a32p. _c26cm(pbk) _bcol. ill |
||
| 490 | _aAmazing history; edited by Jean Coppendale | ||
| 500 | _aIncludes glossary and index | ||
| 700 | _aHemant Arya | ||
| 700 | _aAdil A Siddiqui | ||
| 700 | _aAmir Khan | ||
| 942 |
_2ddc _cCH _mMAL _h910.91 |
||
| 999 |
_c32648 _d32648 |
||